000 00475nam a2200181Ia 4500
005 20250508151954.0
008 008 250505s9999 xx 000 0 eng d
037 _aTextual
040 _aFEDL
_beng
_cFEDL
041 _aeng
_2eng
084 _a551, DUB
_qFEDL
100 _aDubey R N
245 0 _aPhysical basis of geography
260 _aAllahabad, India
_bKitab Mahal
_c1957
300 _a306p.
942 _cTEXL
_h551, DUB
999 _c1333296
_d1333296